| 000 | nam a22 a 4500 | ||
|---|---|---|---|
| 999 |
_c185813 _d185813 |
||
| 003 | BLK | ||
| 005 | 20221209101542.0 | ||
| 008 | 180411b bul|||||r ||||||| ||bul|| | ||
| 010 | _aKNG00194807000 | ||
| 040 | _aBLK | ||
| 041 |
_aBUL _cBUL |
||
| 080 |
_aЗаваряване и родствени процеси. Вж и 621.735; 621.78 _b621.791 _z621.791 |
||
| 100 | 1 |
_aЛопатко, Анатолий Петрович _eпърви автор _989529 |
|
| 139 |
_aЛопатко, Анатолий Петрович и др. _bЛ 82 |
||
| 245 | 1 | 0 |
_aНови методи за заваряване и спояване _bРъководство _cАнатолий П. Лопатко, Зинаида В. Никифорова; прев. от рус. Иванка Вълчева. |
| 257 | _aSUN | ||
| 260 |
_aСофия _bТехника _c1981 _fЯмбол : Г. Димитров |
||
| 300 |
_a88 с. _bс черт., табл. _c20 см |
||
| 380 | _a62 | ||
| 500 | _aОриг. загл. Новые методы сварки и пайки. - Прев. Ив. Т. Вълчева е известна като Иванка Танчева. - 3 290 тир. | ||
| 650 | 4 |
_aЗаваряване _9155677 |
|
| 653 | _aзаваряване | ||
| 653 | _aзапояване | ||
| 653 | _aръководства | ||
| 700 | 1 |
_aНикифорова, Зинаида Василиевна _eсъавт. _9343938 |
|
| 700 | 1 |
_aВълчева, Иванка _eпрев. от рус. _9343939 |
|
| 852 |
_aЦб 108832 _bМА |
||
| 856 | 4 |
_qpdf _i0.00 _ldisable |
|
| 856 | 4 |
_qpdf _i0.00 _ldisable |
|
| 942 |
_cKNG _n0 _s1 |
||
| 944 |
_aCR _c31.10.2016 _kКина_Георгиева |
||
| 944 |
_aED _c2022-12-09 _kир |
||
| 999 | _d185813 | ||